Statistics for AI Generated Flags

Click here to take the quiz!

General Stats

  • This quiz has been taken 91 times
    (34 since last reset)
  • The average score is 41 of 50

Answer Stats

Answer% Correct
Australia
97%
United Kingdom
94%
United States
94%
Argentina
91%
Netherlands
91%
New Zealand
91%
Russia
91%
France
88%
Greece
88%
Turkey
88%
Uruguay
88%
Brazil
85%
China
85%
Cuba
85%
India
85%
Luxembourg
85%
Norway
85%
Portugal
85%
San Marino
85%
Saudi Arabia
85%
Switzerland
85%
Denmark
82%
D.R. Congo
82%
Egypt
82%
Iran
82%
Iraq
82%
Pakistan
82%
Germany
79%
Italy
79%
Japan
79%
Kazakhstan
79%
Nicaragua
79%
South Africa
79%
South Korea
79%
Spain
79%
Trinidad and Tobago
79%
Ecuador
76%
Ivory Coast
76%
Kenya
76%
Liberia
76%
Vatican City
76%
Andorra
74%
Ethiopia
74%
Ireland
74%
Nigeria
74%
Oman
74%
Peru
74%
Sri Lanka
74%
Kiribati
71%
Turkmenistan
71%

Score Distribution

Percentile by Number Answered

Percent of People with Each Score

Your Score History

You have not taken this quiz since the last reset